Collected Letters Of Erasmus Darwin (Record no. 577905)

MARC details
000 -LEADER
fixed length control field 00421nam a22001577a 4500
008 - FIXED-LENGTH DATA ELEMENTS--GENERAL INFORMATION
fixed length control field 250729b |||||||| |||| 00| 0 eng d
020 ## - INTERNATIONAL STANDARD BOOK NUMBER
ISBN 9780521821568
Paper back/Hardbound hbk
041 ## - LANGUAGE CODE
Language code of text/sound track or separate title eng
082 ## - DEWEY DECIMAL CLASSIFICATION NUMBER
Classification number 508.092
Item number DAR
100 ## - MAIN ENTRY--AUTHOR NAME
Personal name Erasmus Darwin
245 ## - TITLE STATEMENT
Title Collected Letters Of Erasmus Darwin
Statement of responsibility, etc Erasmus Darwin
260 ## - PUBLICATION, DISTRIBUTION, ETC. (IMPRINT)
Name of publisher Cambridge University Press
700 ## - ADDED ENTRY--PERSONAL NAME
Personal name Erasmus Darwin
942 ## - ADDED ENTRY ELEMENTS (KOHA)
Koha item type Reference
Holdings
Withdrawn status Lost status Damaged status Not for loan Home library Current library Shelving location Date acquired Full call number Accession Number Price effective from Koha item type
        Anna Centenary Library Anna Centenary Library 5TH FLOOR, A WING 27.08.2010 508.092 DAR 195827 29.07.2025 Reference

Find us on the map